000
00319nam a2200121Ia 4500
008
240624s9999 xx 000 0 und d
041
_a
eng
082
_a
658.4092 SHE
100
_a
SHETTY REKHA
245
_a
INNOVATE 90 DAYS TO TRANSFORM YOUR BUSIN
260
_c
2010
_a
New Delhi
_b
Penguin Books India
365
_c
RS
_b
20
999
_c
15868
_d
15868